Resoluciones del taller celebrado en el mes de marzo del 1987 : (Record no. 45712)
[ view plain ]
| 000 -CABECERA | |
|---|---|
| campo de control de longitud fija | 00399nam a2200121 a 4500 |
| 001 - NÚMERO DE CONTROL | |
| campo de control | 000046223 |
| 005 - FECHA Y HORA DE LA ÚLTIMA TRANSACCIÓN | |
| campo de control | 20201002052723.0 |
| 008 - DATOS DE LONGITUD FIJA--INFORMACIÓN GENERAL | |
| campo de control de longitud fija | 150708s1987 dr 000 0 spa d |
| 040 ## - FUENTE DE LA CATALOGACIÓN | |
| Centro catalogador/agencia de origen | DO-SdBNP |
| Lengua de catalogación | spa |
| Centro/agencia transcriptor | BNPHU |
| 245 00 - MENCIÓN DE TÍTULO | |
| Título | Resoluciones del taller celebrado en el mes de marzo del 1987 : |
| Resto del título | red de militantes por el poder popular. |
| 260 ## - PUBLICACIÓN, DISTRIBUCIÓN, ETC. | |
| Lugar de publicación, distribución, etc. | [Santo Domingo] : |
| Nombre del editor, distribuidor, etc. | [s.l], |
| Fecha de publicación, distribución, etc. | 1987. |
| 300 ## - DESCRIPCIÓN FÍSICA | |
| Extensión | 30 p. ; |
| Dimensiones | 21 cmm. |
| Estado de retiro | Estado de pérdida | No para préstamo | Código de colección | Localización permanente | Ubicación/localización actual | Ubicación en estantería | Fecha de adquisición | Número de inventario | Total de préstamos | Signatura topográfica completa | Código de barras | Fecha visto por última vez | Precio válido a partir de | Tipo de ítem Koha | Nota pública |
|---|---|---|---|---|---|---|---|---|---|---|---|---|---|---|---|
| Excluido de préstamo | Patrimonio Dominicano | Patrimonio Dominicano | Patrimonio Dominicano | Depósito | 08.07.2015 | LF1 | 46223-10 | 25.06.2020 | 25.06.2020 | Libro y Folleto Colección Patrimonio Dominicano | Perteneció a la biblioteca personal de Chiqui Vicioso / Fidelio Despradel. |
